1818 1820 1572 1916 1814 1381 1971 1200 1097 1869 1054 1605 1828 1424 1455 1041 1576 1465 1897 1603 1504 1149 1144 1319 1304 1670 1691 1970 1429 1522 1484 1156 1425 1208 1001 1031 1795 1980 1530 1181 1486 1192 1126 1696 1555 1440 1782 1099 1216 1527 1117 1723 1739 1852 1001 1102 1885 1666 1456 1566 1579 1050 1601 1567 1456 1035 1652 1486 1461 1659 1370 1951 1055 1264 1978 1522 1836 1918 1722 1254 1577 1752 1046 1619 1575 1970 1038 1199 1536 1605 1294 1070 1699 1567 1472 1598 1110 1278 1587 BCNSPRNW ULIB Ver.6.0+V

เปลี่ยนเป็นภาษาไทย

Change to English
 แสดงรายละเอียดบรรณานุกรม
  กลับหน้าหลัก

Brief Record : Get Marc (ISO 2709) : E-mail record : QR code < ปิดหน้าต่าง
LEADER : 00000nam 2200000uu 4500
001    13399113992
003     ULIB
008    120123s||||||||th 000 0 tha d
020    9789747046588
099    นว.^bส732l
100 0  สิริสวรส
245 00 สาปรักศรีจันทรา^cสิริสวรส
260    กรุงเทพฯ :^bKasama, 2550
945    ^p260^l0^i021999
995    เกษร
999 ^a ทศพร
รายการนี้ยังไม่มีแท็ก
คุณยังไม่ได้ล็อกอิน คุณสามารถมีกิจกรรมร่วมกับเว็บไซต์ได้ แต่ต้องล็อกอินก่อน ::
  ล็อกอิน

รายการสื่อสารสนเทศ

ลำดับที่ ประเภท เลขเรียก/บาร์โค้ด สถานที่ สถานะ
- ไม่พบข้อมูล -

BibComment


ยังไม่เคยถูกคอมเมนท์

คอมเมนท์ทรัพยากรรายการนี้
  คอมเมนท์: สาปรักศรีจันทรา ส..


 Copyright 2026. Bcnsprnw @Library